000 00594nam a2200205Ii 4500
001 3700
003 CO-ViMGA
008 241108s9999||||xx |||||||||||||| ||und||
040 _aCO-ViMGA
_bspa
_erda
_cCO-ViMGA
041 0 _aunk
082 0 4 _a339 - P73
100 1 _aEnrique Prat de la riba
_954363
245 1 0 _aEl Capital Privado
264 1 _a[Lugar de publicación no identificado] : Bosch, [19??]
300 _avolumen
336 _atext
_btxt
_2rdacontent
337 _aunmediated
_bn
_2rdamedia
338 _avolume
_bnc
_2rdacarrier
940 _aidficha_siabuc: 3611. -- ficha_no_siabuc:3700
999 _c51314
_d51314